00911nam a22002417a 450000500170000001000130001702000220003003500130005203700160006504000120008108200170009310000280011024501020013826000490024027000730028930000250036250000480038765000200043565000440045594200260049999900190052595201250054420170124110012.0 aB-058949 c00.00a8171415881 aB-058949 bCen Lib/Ret aDPLbEN a371.102bCHA aChandrasekhar, K917945 aPrimary school teacher education programme :cby K. Chandrasekharban evaluative study of DIETs / aNew Delhi bDiscovery Publishing Housec2001 bNew Delhi a4831/24, Ansari Road, Prahlad Street Darya Ganj e110002 a289p. :c22(Hb)bill aIncludes bibliographic references and index aEducation91169 aThe concept of teacher education917946 2ddccENh371.102mCHA c126597d126597 00104070aLbLd2015-06-25eCen Lib/Ret g0.00l0o371.102 CHApB-058949r2015-06-25 00:00:00t1v0.00w2015-06-25yEN